[Event "Novi (MI Women/2/2)"]
[Site "?"]
[Date "1994.??.??"]
[Round "?"]
[White "Skidmore, Jennifer"]
[Black "Bensek, A."]
[Result "1-0"]
[WhiteElo "1900"]
[BlackElo "1605"]
[PlyCount "107"]
[EventDate "1994.??.??"]

{2/(2)} 1. e4 c5 2. Nc3 Nc6 3. f4 g6 4. Nf3 Bg7 5. Bb5 e6 6. Bxc6 bxc6 7. d3
Ne7 8. O-O O-O 9. Be3 d6 10. Qe1 Ba6 11. Qg3 c4 12. d4 d5 13. e5 Nf5 14. Qf2
Rb8 15. Bc1 Qd7 16. g4 Ne7 17. Re1 Rfc8 18. Na4 Rc7 19. Nc5 Qc8 20. b3 cxb3 21.
axb3 Bb5 22. Qh4 a6 23. Ba3 Qd8 24. Ng5 h6 25. Ngxe6 fxe6 26. Nxe6 Nf5 27.
Qxd8+ Rxd8 28. gxf5 Rcc8 29. Nxd8 Rxd8 30. f6 Bf8 31. e6 c5 32. e7 Re8 33. Bxc5
Bxe7 34. fxe7 Kf7 35. Re5 Rc8 36. Rxd5 Rxc5 37. Rxc5 Kxe7 38. c4 Bd7 39. Rxa6
Kd8 40. Rxg6 Be8 41. Ra5 Bxg6 42. Ra7 Bf5 43. d5 Bd7 44. c5 Bc8 45. d6 Bd7 46.
Ra8+ Bc8 47. c6 h5 48. d7 Ke7 49. Rxc8 Ke6 50. Re8+ Kf5 51. d8=Q Kxf4 52. Qf6+
Kg4 53. Rg8+ Kh3 54. Rg3# 1-0

[Event "Detroit (MOR/2/65)"]
[Site "?"]
[Date "1994.??.??"]
[Round "?"]
[White "Simmons, P."]
[Black "Zetouna, M."]
[Result "0-1"]
[WhiteElo "1605"]
[BlackElo "1605"]
[PlyCount "93"]
[EventDate "1994.??.??"]

{2/(65)} 1. e4 e5 2. Nf3 Nc6 3. Bb5 d6 4. d4 Bd7 5. d5 Nce7 6. Bc4 Nf6 7. Qe2
g6 8. Bd2 Bg7 9. Bg5 O-O 10. Nbd2 a6 11. O-O b5 12. Bb3 a5 13. c3 a4 14. Bc2 c6
15. dxc6 Bxc6 16. a3 Rc8 17. Bd3 Qd7 18. c4 bxc4 19. Bxc4 Qb7 20. Rfb1 Rfe8 21.
Qe3 Nxe4 22. Bh6 Nxd2 23. Qxd2 Bxf3 24. Bf1 Be4 25. Re1 Nf5 26. Bxg7 Kxg7 27.
f3 Rc2 28. Qb4 Qxb4 29. axb4 Bc6 30. b5 Bd5 31. Rxa4 Rxb2 32. Rd1 Bb3 33. Rb4
Rxg2+ 34. Kxg2 Bxd1 35. b6 Nd4 36. b7 Bxf3+ 37. Kf2 Bxb7 38. Rxb7 Re6 39. Ke3
Rf6 40. Bg2 h5 41. Rd7 g5 42. h3 Nf5+ 43. Ke4 d5+ 44. Kxe5 Ne3 45. Bxd5 Rf5+
46. Ke4 Rxd5 47. Rxd5 0-1

[Event "Flint (MI Senior/1/8)"]
[Site "?"]
[Date "1994.??.??"]
[Round "?"]
[White "Simmons, P."]
[Black "Swartz, J."]
[Result "0-1"]
[WhiteElo "1605"]
[BlackElo "1630"]
[PlyCount "50"]
[EventDate "1994.??.??"]

{1/(8)} 1. d4 Nf6 2. c4 g6 3. Nc3 Bg7 4. Nf3 O-O 5. e4 d6 6. Bg5 Nbd7 7. Qd2 b6
8. Bd3 e5 9. dxe5 Nxe5 10. Nxe5 dxe5 11. O-O-O c6 12. Bh6 Bxh6 13. Qxh6 Ng4 14.
Qd2 Qd4 15. Rdf1 Rd8 16. Kc2 Be6 17. b3 Rd7 18. h3 Nf6 19. g4 Rad8 20. Rd1 Qc5
21. Qe3 Qa3 22. g5 Nh5 23. Be2 Nf4 24. Bg4 Rd3 25. Nb1 Qxa2+ 0-1

[Event "Flint (MI Senior/4/7)"]
[Site "?"]
[Date "1994.??.??"]
[Round "?"]
[White "Simmons, P."]
[Black "Rostrom, Richard"]
[Result "1/2-1/2"]
[WhiteElo "1605"]
[BlackElo "1605"]
[PlyCount "94"]
[EventDate "1994.??.??"]

{4/(7)} 1. d4 Nf6 2. Bg5 e6 3. Bxf6 Qxf6 4. c4 Nc6 5. Nf3 g6 6. e4 Bg7 7. e5
Qe7 8. Nc3 O-O 9. Bd3 f6 10. Qe2 d6 11. O-O b6 12. exd6 cxd6 13. Rfe1 Qf7 14.
d5 Ne5 15. Nxe5 fxe5 16. Be4 Rb8 17. Nb5 Qe7 18. b3 a6 19. Nc3 Bd7 20. a4 Kh8
21. b4 Rbc8 22. Rac1 Rf6 23. Qe3 Rcf8 24. f3 Rb8 25. dxe6 Bxe6 26. Bd5 Qf8 27.
Bxe6 Rxe6 28. Nd5 Bh6 29. f4 Rbe8 30. Qxb6 exf4 31. Rf1 f3 32. Rxf3 Re1+ 33.
Rxe1 Rxe1+ 34. Kf2 Qe8 35. Qd4+ Bg7 36. Nf6 Qe2+ 37. Kg3 Qe5+ 38. Qxe5 dxe5 39.
Ng4 h5 40. Re3 Rb1 41. Nxe5 Bxe5+ 42. Rxe5 Rxb4 43. Re6 Rxa4 44. Rxg6 Kh7 45.
Rd6 a5 46. Rd5 Kg6 47. h3 Rxc4 1/2-1/2

[Event "Detroit (MOR/6/50)"]
[Site "?"]
[Date "1994.??.??"]
[Round "?"]
[White "Simmons, P."]
[Black "Randel, J."]
[Result "1-0"]
[WhiteElo "1605"]
[BlackElo "1605"]
[PlyCount "101"]
[EventDate "1994.??.??"]

{6/(50)} 1. e4 e5 2. Nf3 Nc6 3. Bb5 Nf6 4. c3 Bc5 5. O-O O-O 6. d3 d5 7. Bxc6
bxc6 8. Nxe5 Bb7 9. Be3 d4 10. Bxd4 Bxd4 11. cxd4 Qxd4 12. Nc4 Rab8 13. Qf3 Ba6
14. Nbd2 Bxc4 15. Nxc4 Rfe8 16. e5 Nd5 17. Rfe1 Nf4 18. Re4 Qxd3 19. Rxf4 Qxf3
20. Rxf3 Rbd8 21. b3 Rb8 22. Re3 Rbd8 23. Rae1 Re7 24. Na5 c5 25. Nc6 Rde8 26.
Nxe7+ Rxe7 27. g3 a6 28. e6 fxe6 29. Rxe6 Rxe6 30. Rxe6 a5 31. Rc6 c4 32. Rxc4
c6 33. Rxc6 h6 34. Kg2 Kh7 35. Kf3 g6 36. Rc7+ Kg8 37. Kf4 Kf8 38. Ke5 Ke8 39.
Ke6 Kd8 40. Kd6 Ke8 41. Rd7 h5 42. Ke6 Kf8 43. Re7 g5 44. Kf6 h4 45. gxh4 gxh4
46. h3 a4 47. b4 a3 48. Re5 Kg8 49. Re8+ Kh7 50. Rf8 Kh6 51. Rh8# 1-0

[Event "Detroit (MOR/4/45)"]
[Site "?"]
[Date "1994.??.??"]
[Round "?"]
[White "Simmons, P."]
[Black "Barta, Roger"]
[Result "0-1"]
[WhiteElo "1605"]
[BlackElo "1605"]
[PlyCount "62"]
[EventDate "1994.??.??"]

{4/(45)} 1. d4 d5 2. c4 e6 3. Nc3 Nf6 4. Bg5 Nbd7 5. Nf3 c6 6. e3 Qa5 7. a3
dxc4 8. Bxc4 Ne4 9. Qc2 Nxg5 10. Be2 Nxf3+ 11. Bxf3 Nf6 12. O-O Be7 13. b4 Qc7
14. Rfe1 O-O 15. e4 e5 16. d5 cxd5 17. Qd3 dxe4 18. Nxe4 Nxe4 19. Bxe4 g6 20.
Rac1 Qb6 21. Rc3 Rd8 22. Qc2 Be6 23. Rce3 Rac8 24. Qe2 Bg5 25. Rg3 Rd2 26. Qf3
Bf4 27. Bxb7 Bxg3 28. hxg3 Rcc2 29. Rf1 Bc4 30. Be4 Bxf1 31. Bxc2 Rxc2 0-1

[Event "Detroit (MCO/DEU/2a/6)"]
[Site "?"]
[Date "1994.??.??"]
[Round "?"]
[White "Silveri, Marco"]
[Black "Jackson, Katrina"]
[Result "0-1"]
[WhiteElo "1605"]
[BlackElo "1605"]
[PlyCount "100"]
[EventDate "1994.??.??"]

1. e4 d5 2. exd5 Qxd5 3. Nc3 Qd8 4. d4 Nc6 5. Nf3 Nf6 6. Bb5 e6 7. O-O Be7 8.
Bg5 O-O 9. Bxc6 bxc6 10. Ne2 Bb7 11. c3 c5 12. Bxf6 Bxf6 13. Ne5 Ba6 14. Re1
Qd5 15. Ng3 Bh4 16. Ne4 Bb7 17. c4 Qxd4 18. Qxd4 cxd4 19. Nf3 Bf6 20. Nxf6+
gxf6 21. Nxd4 Rad8 22. Ne2 f5 23. Ng3 f4 24. Nh5 f3 25. g3 Kh8 26. Nf6 Rd6 27.
Re5 Rfd8 28. Rae1 Kg7 29. Ng4 Kg6 30. h3 h5 31. Nh2 Kh6 32. R5e3 Rd3 33. b4
Rxe3 34. Rxe3 Rd1+ 35. Nf1 c6 36. Rxf3 f5 37. Kg2 c5 38. bxc5 Bxf3+ 39. Kxf3
Rxf1 40. Ke2 Rb1 41. Ke3 Rb8 42. Kd4 Kg6 43. Ke5 Kf7 44. Kd6 Rd8+ 45. Kc7 Ke7
46. c6 a5 47. Kb7 Kd6 48. c5+ Kxc5 49. c7 Rd7 50. f3 Kd6 0-1

[Event "Detroit (MCO/DEU/5/6)"]
[Site "?"]
[Date "1994.??.??"]
[Round "?"]
[White "Silveri, Marco"]
[Black "Henkel, Scott"]
[Result "0-1"]
[WhiteElo "1605"]
[BlackElo "1605"]
[PlyCount "102"]
[EventDate "1994.??.??"]

{5/(6)} 1. e4 d6 2. d3 Nf6 3. Nf3 g6 4. g3 Bg4 5. Bg2 Qd7 6. h3 Be6 7. Bg5 Bg7
8. Nbd2 h6 9. Be3 c5 10. e5 Nd5 11. Qe2 Nc6 12. Nc4 b5 13. Ncd2 Nxe5 14. Nxe5
Bxe5 15. c4 Nxe3 16. Qxe3 Rb8 17. Rb1 bxc4 18. Nxc4 Bxc4 19. dxc4 Rxb2 20. O-O
Bg7 21. Rxb2 Bxb2 22. Rb1 Qc7 23. Rxb2 Kf8 24. Rb7 Qd8 25. Rxe7 Qxe7 26. Qc3
Qe5 27. Qf3 Kg7 28. Qb7 Qa1+ 29. Kh2 Qxa2 30. Kg1 Rd8 31. Bd5 Rf8 32. Kg2 a5
33. h4 a4 34. h5 g5 35. Qd7 Qb2 36. Qxa4 Qe5 37. Qd7 Qf6 38. Be4 Rd8 39. Qc7
Qd4 40. Qxd8 Qxe4+ 41. Kh2 Qxc4 42. Qxd6 Qd4 43. Qxd4+ cxd4 44. Kg1 Kf6 45. Kf1
Ke5 46. Ke2 f5 47. f3 g4 48. f4+ Ke4 49. Kd2 Kf3 50. Kd3 Kxg3 51. Kxd4 Kxf4 0-1

[Event "Flint (MI Ch Spon/4)"]
[Site "?"]
[Date "1994.??.??"]
[Round "?"]
[White "Shields, T."]
[Black "Pontoni, M."]
[Result "1/2-1/2"]
[WhiteElo "1605"]
[BlackElo "1605"]
[PlyCount "78"]
[EventDate "1994.??.??"]

1. e4 e5 2. Nf3 Nc6 3. Bc4 Nf6 4. Nc3 Bc5 5. d3 O-O 6. O-O d6 7. h3 Be6 8. Bxe6
fxe6 9. Bg5 h6 10. Be3 Nd4 11. a3 Nxf3+ 12. Qxf3 Nd5 13. Qe2 Nxc3 14. bxc3 Bxe3
15. Qxe3 Qf6 16. f3 Qf4 17. Qxf4 exf4 18. d4 d5 19. exd5 exd5 20. Rfe1 Rae8 21.
Rxe8 Rxe8 22. Rb1 b6 23. Kf2 c5 24. Re1 Rxe1 25. Kxe1 c4 26. a4 Kf7 27. Kf2 Ke6
28. g3 g5 29. g4 Kd6 30. Ke1 Kc6 31. Kd1 b5 32. a5 Kb7 33. Kc1 Ka6 34. Kb2 Kxa5
35. Ka3 a6 36. Kb2 b4 37. cxb4+ Kxb4 38. c3+ Kb5 39. Ka3 a5 1/2-1/2

[Event "Detroit (Class DE/4/22)"]
[Site "?"]
[Date "1994.??.??"]
[Round "?"]
[White "Shelton, G."]
[Black "Raupp, Christine"]
[Result "0-1"]
[WhiteElo "1605"]
[BlackElo "1605"]
[PlyCount "94"]
[EventDate "1994.??.??"]

{4/(22)} 1. d4 e6 2. c4 f5 3. Nf3 Nf6 4. Nc3 Bb4 5. Bg5 b6 6. e3 Bb7 7. Be2 d6
8. O-O Nbd7 9. Rc1 Bxc3 10. Rxc3 O-O 11. Re1 Qe8 12. Bxf6 Nxf6 13. Bd3 Qg6 14.
Nh4 Qg5 15. g3 Ne4 16. f4 Qh6 17. Bxe4 fxe4 18. d5 e5 19. Qg4 Bc8 20. Qg5 Qxg5
21. fxg5 Bh3 22. Rc2 Rf7 23. Rf2 Raf8 24. Rxf7 Rxf7 25. Ng2 Rf5 26. Nf4 exf4
27. exf4 h6 28. Rxe4 hxg5 29. Kf2 gxf4 30. gxf4 Rh5 31. Re8+ Kf7 32. Ra8 a5 33.
Ra7 g5 34. Rxc7+ Kf6 35. Kg3 Kf5 36. Rf7+ Ke4 37. f5 Bxf5 38. Re7+ Kd4 39. b3
Kc3 40. Re3+ Kb4 41. Kf2 Rxh2+ 42. Kg1 Rxa2 43. Rf3 Be4 44. Rf6 g4 45. Rxd6 g3
46. Rxb6+ Kc3 47. d6 Ra1# 0-1

[Event "Detroit (Class DE/2/18)"]
[Site "?"]
[Date "1994.??.??"]
[Round "?"]
[White "Shelton, G."]
[Black "Gaiefsky, Joey"]
[Result "1-0"]
[WhiteElo "1605"]
[BlackElo "1605"]
[PlyCount "39"]
[EventDate "1994.??.??"]

{2/(18)} 1. d4 d5 2. c4 b5 3. cxb5 a6 4. e3 Nf6 5. Nc3 Bf5 6. Bd3 Bxd3 7. Qxd3
e6 8. Nf3 Bb4 9. O-O Bxc3 10. bxc3 O-O 11. Ng5 Qd6 12. a4 axb5 13. Ba3 Qd8 14.
Bxf8 Qxf8 15. Qxb5 Qd6 16. Rfb1 c6 17. Qb7 Ng4 18. Qxf7+ Kh8 19. Qe8+ Qf8 20.
Qxf8# 1-0

[Event "Detroit (Class C/5/11)"]
[Site "?"]
[Date "1994.??.??"]
[Round "?"]
[White "Serwatowski, Felix"]
[Black "Wright, Ken"]
[Result "0-1"]
[WhiteElo "1605"]
[BlackElo "1605"]
[PlyCount "92"]
[EventDate "1994.??.??"]

{5/(11)} 1. Nf3 f5 2. g3 Nf6 3. d3 e6 4. Bg2 Nc6 5. Nbd2 e5 6. Nb3 d5 7. e3 Bd6
8. c4 Be6 9. c5 Be7 10. O-O e4 11. Ng5 Bg8 12. d4 h6 13. Nh3 Nb4 14. Nf4 Bf7
15. a3 Nc6 16. Nd2 g5 17. Nh3 Ng4 18. Nb3 Qd7 19. f3 Nf6 20. f4 g4 21. Nf2 h5
22. Nh1 h4 23. Re1 hxg3 24. Nxg3 Nh5 25. Kf2 Bh4 26. Rh1 Qe6 27. Bd2 Kd7 28.
Nc1 Rh6 29. Nce2 Rah8 30. b4 Kc8 31. Qa4 a6 32. Kg1 Be8 33. Qb3 Ne7 34. Nxh5
Rxh5 35. Ng3 R5h6 36. Be1 Ng6 37. a4 Be7 38. Ne2 Nh4 39. Bxh4 Rxh4 40. Ng3 c6
41. a5 Bd7 42. Qc2 Qh6 43. Rd1 Rxh2 44. Rxh2 Qxh2+ 45. Kf2 Bh4 46. Rh1 Qxg3+
0-1

[Event "Detroit (MCO/C/5/6)"]
[Site "?"]
[Date "1994.??.??"]
[Round "?"]
[White "Serwatowski, Felix"]
[Black "Sunts, A."]
[Result "1-0"]
[WhiteElo "1605"]
[BlackElo "1605"]
[PlyCount "75"]
[EventDate "1994.??.??"]

{5/(6)} 1. e4 e5 2. Nf3 Nc6 3. d4 exd4 4. Nxd4 Nge7 5. Nc3 g6 6. Be3 Bg7 7. Bc4
O-O 8. O-O Ne5 9. Bb3 d6 10. h3 c5 11. Nf3 Nxf3+ 12. Qxf3 Nc6 13. Qd1 b5 14.
Bd5 Bd7 15. Rb1 Bxc3 16. bxc3 Rc8 17. Bh6 Qf6 18. Bxf8 Rxf8 19. Qd2 Ne5 20. Qe3
Bc6 21. c4 Bxd5 22. cxd5 Nc4 23. Qe2 Ne5 24. Qxb5 g5 25. Rb3 h5 26. Qe2 Qg6 27.
f4 Ng4 28. hxg4 h4 29. fxg5 Qxg5 30. Rf5 Qc1+ 31. Kh2 f6 32. Rh3 Kg7 33. Qf2
Qb2 34. g5 Re8 35. Qxh4 Kf7 36. Qh7+ Kf8 37. Rxf6+ Qxf6 38. gxf6 1-0

[Event "Detroit (MCO/C/2a/4)"]
[Site "?"]
[Date "1994.??.??"]
[Round "?"]
[White "Serwatowski, Felix"]
[Black "Parker, Bernard"]
[Result "1-0"]
[WhiteElo "1605"]
[BlackElo "1605"]
[PlyCount "37"]
[EventDate "1994.??.??"]

1. e4 e5 2. Nf3 Nc6 3. Bc4 h6 4. c3 Nf6 5. Qc2 Bc5 6. d4 exd4 7. O-O O-O 8. e5
Ng4 9. cxd4 Nxd4 10. Nxd4 Bxd4 11. Qe4 Bb6 12. h3 Nxf2 13. Rxf2 Bxf2+ 14. Kxf2
c6 15. Bf4 Qb6+ 16. Be3 Qxb2+ 17. Kg3 Qb4 18. Bxf7+ Kxf7 19. Qxb4 1-0

[Event "Detroit (Class C/4/15)"]
[Site "?"]
[Date "1994.??.??"]
[Round "?"]
[White "Serwatowski, Felix"]
[Black "Kane, Paul"]
[Result "1-0"]
[WhiteElo "1605"]
[BlackElo "1605"]
[PlyCount "97"]
[EventDate "1994.??.??"]

{4/(15)} 1. Nf3 d5 2. g3 Nf6 3. Bg2 c6 4. O-O Bf5 5. d3 Qc7 6. Bf4 Qd7 7. Ne5
Qc8 8. Nd2 Nbd7 9. Ndf3 Nxe5 10. Nxe5 Bh3 11. c3 Bxg2 12. Kxg2 e6 13. Nf3 Be7
14. Qc2 O-O 15. e4 dxe4 16. dxe4 Re8 17. Rad1 Nh5 18. Bd6 Bxd6 19. Rxd6 Qc7 20.
Rfd1 Rad8 21. Rxd8 Rxd8 22. Rxd8+ Qxd8 23. b4 Nf6 24. a4 h6 25. e5 Nd5 26. Qd2
Qc7 27. Qd4 Qb6 28. Qc4 a5 29. b5 cxb5 30. axb5 Qc7 31. Qxc7 Nxc7 32. c4 b6 33.
Nd4 Kf8 34. f4 Ne8 35. Nc2 f6 36. c5 fxe5 37. fxe5 Nc7 38. cxb6 Nxb5 39. b7 Kf7
40. b8=Q Nc3 41. Qc7+ Kg6 42. Qxc3 a4 43. Qa3 h5 44. Qxa4 Kf5 45. Qf4+ Kg6 46.
Nd4 Kh7 47. Nxe6 g6 48. Qf7+ Kh6 49. Qg7# 1-0

[Event "Detroit (MOR/2/56)"]
[Site "?"]
[Date "1994.??.??"]
[Round "?"]
[White "Serwatowski, Felix"]
[Black "Daniels, F."]
[Result "1-0"]
[WhiteElo "1605"]
[BlackElo "1605"]
[PlyCount "61"]
[EventDate "1994.??.??"]

{2/(56)} 1. d4 d5 2. Nf3 Nc6 3. Nc3 Nf6 4. e3 a6 5. Be2 g6 6. b3 Bg7 7. Bb2 Bf5
8. Nh4 Qd7 9. Nxf5 Qxf5 10. Bd3 Qg5 11. Qf3 O-O-O 12. O-O-O Rhe8 13. Rhe1 e5
14. dxe5 Rxe5 15. Ne2 Re4 16. Bxe4 dxe4 17. Rxd8+ Kxd8 18. Qh3 Bf8 19. Rd1+ Bd6
20. g3 h5 21. Qg2 Ke7 22. Nc3 Nb4 23. Kb1 Kf8 24. Nxe4 Nxe4 25. Qxe4 Nc6 26.
Qd3 Ne5 27. Qd5 c6 28. Qxd6+ Kg7 29. Bxe5+ f6 30. Qe7+ Kh6 31. Bf4 1-0

[Event "Detroit (MOR/4/41)"]
[Site "?"]
[Date "1994.??.??"]
[Round "?"]
[White "Serwatowski, Felix"]
[Black "Card, A."]
[Result "1-0"]
[WhiteElo "1605"]
[BlackElo "1605"]
[PlyCount "67"]
[EventDate "1994.??.??"]

{4/(41)} 1. e4 c5 2. Nf3 d6 3. d4 cxd4 4. Nxd4 Nf6 5. Nc3 g6 6. Bc4 Nxe4 7.
Nxe4 d5 8. Bb5+ Bd7 9. Bxd7+ Qxd7 10. Nc3 Bg7 11. O-O O-O 12. Be3 e5 13. Re1
exd4 14. Bxd4 Bxd4 15. Qxd4 Rd8 16. Rad1 Nc6 17. Qxd5 Qxd5 18. Nxd5 Kg7 19. c4
Rd7 20. Ne3 Nd4 21. Kf1 Rad8 22. Rc1 a5 23. b3 f5 24. Nd5 Nc6 25. Nf4 Nd4 26.
h4 h5 27. Re5 b6 28. Rd5 Rxd5 29. Nxd5 b5 30. Rd1 Nc6 31. cxb5 Nb4 32. b6 Rxd5
33. Rxd5 Nxd5 34. b7 1-0

[Event "Eastpointe (EDO/5/11)"]
[Site "?"]
[Date "1994.??.??"]
[Round "?"]
[White "Selitsky, B."]
[Black "Walquist, Elaine"]
[Result "1-0"]
[WhiteElo "1900"]
[BlackElo "1605"]
[PlyCount "59"]
[EventDate "1994.??.??"]

{5/(11)} 1. e4 d5 2. exd5 Nf6 3. d4 Nxd5 4. c4 Nb6 5. Nc3 g6 6. h3 Bg7 7. Nf3
O-O 8. Be3 Nc6 9. Qd2 Bf5 10. g4 Bc8 11. d5 Ne5 12. Nxe5 Bxe5 13. f4 Bg7 14.
O-O-O c6 15. Qc2 Bxc3 16. Qxc3 cxd5 17. c5 Na4 18. Qb3 Qa5 19. Bb5 Nxc5 20.
Bxc5 a6 21. Bxe7 Be6 22. Bxf8 Rc8+ 23. Kb1 d4 24. Qa3 Qxb5 25. Bh6 Bd5 26. Rhe1
Qc4 27. f5 Qc2+ 28. Ka1 g5 29. Bxg5 Rc5 30. Rc1 1-0

[Event "Eastpointe (EDO/1a/9)"]
[Site "?"]
[Date "1994.??.??"]
[Round "?"]
[White "Selitsky, B."]
[Black "Piasecki, Vince"]
[Result "1-0"]
[WhiteElo "1900"]
[BlackElo "1605"]
[PlyCount "71"]
[EventDate "1994.??.??"]

1. e4 c5 2. Nc3 Nc6 3. g3 g6 4. Bg2 Bg7 5. d3 d6 6. f4 e6 7. Nf3 Nge7 8. O-O
O-O 9. Be3 a6 10. Rb1 Bd7 11. Ne2 Qc7 12. c3 Rad8 13. d4 cxd4 14. cxd4 d5 15.
e5 Nf5 16. Bf2 Na5 17. g4 Nh6 18. h3 Bb5 19. Rc1 Qd7 20. f5 exf5 21. g5 Ng4 22.
hxg4 fxg4 23. Nd2 h5 24. Re1 Qf5 25. Bh4 Nc6 26. Nb3 Nb4 27. Rf1 Qe6 28. Nf4
Qb6 29. Re1 Rfe8 30. a3 Rxe5 31. axb4 Rxe1+ 32. Qxe1 Bxd4+ 33. Nxd4 Qxd4+ 34.
Qf2 Qxb4 35. Rc5 Re8 36. Nxg6 1-0

[Event "Eastpointe (EDO/3/11)"]
[Site "?"]
[Date "1994.??.??"]
[Round "?"]
[White "Selitsky, B."]
[Black "McCarter, Robert"]
[Result "1-0"]
[WhiteElo "1900"]
[BlackElo "1700"]
[PlyCount "111"]
[EventDate "1994.??.??"]

{3/(11)} 1. e4 c5 2. Nc3 d6 3. g3 g6 4. Bg2 Bg7 5. d3 e6 6. f4 Ne7 7. Nf3 Nbc6
8. O-O a6 9. Be3 b5 10. e5 Nf5 11. Bf2 Qc7 12. exd6 Nxd6 13. Bxc5 Nb7 14. Bf2
b4 15. Na4 Bd7 16. Rb1 O-O 17. Nb6 Rad8 18. Nc4 Qb8 19. c3 Nd6 20. Nxd6 Qxd6
21. d4 bxc3 22. bxc3 Na5 23. Nd2 Bb5 24. Re1 Rc8 25. Ne4 Qa3 26. Rc1 Rfd8 27.
Bf1 Bxf1 28. Rxf1 f5 29. Ng5 Qxa2 30. Re1 Rd6 31. Re2 Qd5 32. Qa4 Nc4 33. Rce1
Rcc6 34. Rb1 Rd8 35. Rb7 h6 36. Nf7 Rd7 37. Rxd7 Qxd7 38. Nd8 Rc7 39. Qxd7 Rxd7
40. Nxe6 Bf6 41. Nc5 Rd6 42. Re8+ Kf7 43. Ra8 a5 44. Ra7+ Be7 45. Nd3 Rb6 46.
Rc7 Rb1+ 47. Kg2 Nd2 48. d5 Ne4 49. Ne5+ Kf6 50. Bd4 Rb2+ 51. Kf1 Nd2+ 52. Ke1
Nb3 53. Nd3+ Nxd4 54. Nxb2 Nc2+ 55. Kd2 Nd4 56. cxd4 1-0

[Event "Detroit (MI Op/2/42)"]
[Site "?"]
[Date "1994.??.??"]
[Round "?"]
[White "Selitsky, B."]
[Black "Iverson, B."]
[Result "1-0"]
[WhiteElo "1900"]
[BlackElo "1645"]
[PlyCount "81"]
[EventDate "1994.??.??"]

{2/(42)} 1. e4 e6 2. d4 c5 3. c3 d5 4. e5 Ne7 5. Nf3 Nec6 6. Be2 b6 7. O-O Be7
8. Ne1 Ba6 9. Bxa6 Nxa6 10. Qg4 Rg8 11. a3 Na5 12. dxc5 Nxc5 13. b4 Nab3 14.
bxc5 b5 15. Bb2 Nxa1 16. Bxa1 Bxc5 17. Nd3 Be7 18. Bb2 Rc8 19. Nd2 Bxa3 20.
Bxa3 Rxc3 21. Bd6 Rxd3 22. Qe2 Rxd2 23. Qxd2 f6 24. Qd3 Kf7 25. Rc1 Qa5 26. g3
f5 27. Qd1 Kg6 28. Ra1 Qb6 29. Qc1 Qb7 30. h4 h6 31. g4 Rc8 32. gxf5+ Kxf5 33.
Qb1+ Kf4 34. Qb4+ Kf5 35. Bc5 d4 36. Bxd4 Qe4 37. f3 Qxh4 38. Qb1+ Kf4 39. Ra2
Qg3+ 40. Rg2 Qxf3 41. Rf2 1-0

[Event "Detroit (CAO/3/9)"]
[Site "?"]
[Date "1994.??.??"]
[Round "?"]
[White "Seibert, T."]
[Black "Ruelas, Erik"]
[Result "1/2-1/2"]
[WhiteElo "1605"]
[BlackElo "1605"]
[PlyCount "55"]
[EventDate "1994.??.??"]

{3/(9)} 1. c4 e5 2. Nc3 Bb4 3. Nf3 Nc6 4. d3 Bxc3+ 5. bxc3 d6 6. g3 Nf6 7. Qc2
Be6 8. d4 exd4 9. cxd4 d5 10. c5 Bg4 11. h3 Bxf3 12. exf3 Nxd4 13. Qa4+ Nc6 14.
Rb1 Rb8 15. Rxb7 Qd7 16. Bb5 Qe6+ 17. Be3 Kd7 18. Qxa7 Rxb7 19. Qxb7 d4 20.
Bxc6+ Qxc6 21. Qxc6+ Kxc6 22. Bxd4 Ra8 23. O-O Rxa2 24. Kg2 Re2 25. Ra1 Kd5 26.
Ra4 Ne4 27. fxe4+ Rxe4 28. Ra7 1/2-1/2

[Event "Grand Rapids (MI Am/2/20)"]
[Site "?"]
[Date "1994.??.??"]
[Round "?"]
[White "Seibert, T."]
[Black "Nicolli, Randy"]
[Result "0-1"]
[WhiteElo "1605"]
[BlackElo "1735"]
[PlyCount "48"]
[EventDate "1994.??.??"]

{2/(20)} 1. c4 e5 2. Nc3 Nc6 3. Nf3 Bc5 4. g3 f5 5. d3 Nf6 6. Bg5 h6 7. Bxf6
gxf6 8. Bh3 d6 9. O-O Be6 10. Nh4 Qd7 11. e4 f4 12. Ng6 Rg8 13. Bxe6 Qxe6 14.
Qh5 O-O-O 15. Nd5 fxg3 16. Nde7+ Nxe7 17. Nxe7+ Qxe7 18. hxg3 Rxg3+ 19. Kh2 Rg5
20. Qh3+ Kb8 21. Qh4 Qf7 22. Qg3 Rxg3 23. Kxg3 Rg8+ 24. Kf3 Qh5# 0-1

[Event "Grand Rapids (MI Am/5/26)"]
[Site "?"]
[Date "1994.??.??"]
[Round "?"]
[White "Seibert, T."]
[Black "Neely, Richard"]
[Result "0-1"]
[WhiteElo "1605"]
[BlackElo "1605"]
[PlyCount "54"]
[EventDate "1994.??.??"]

{5/(26)} 1. c4 Nf6 2. Nc3 Nc6 3. Nf3 e5 4. e4 Bc5 5. d3 Ng4 6. Be3 Bxe3 7. fxe3
Nxe3 8. Qe2 Ng4 9. h3 Nf6 10. O-O-O O-O 11. d4 exd4 12. Nxd4 Ne5 13. Nd5 c6 14.
Nxf6+ Qxf6 15. h4 d5 16. exd5 cxd5 17. Re1 Re8 18. Kb1 Bg4 19. Qd3 Nxd3 20.
Bxd3 Qxd4 21. Bc2 dxc4 22. Rc1 Re2 23. h5 Rae8 24. a3 Rxg2 25. Rh4 Rxc2 26.
Kxc2 Bf5+ 27. Re4 Bxe4# 0-1

[Event "Detroit (CAO/1/12)"]
[Site "?"]
[Date "1994.??.??"]
[Round "?"]
[White "Seibert, T."]
[Black "McFolley, John"]
[Result "1-0"]
[WhiteElo "1605"]
[BlackElo "1605"]
[PlyCount "41"]
[EventDate "1994.??.??"]

{1/(12)} 1. d4 Nf6 2. Nf3 e6 3. c4 d5 4. Nc3 Nbd7 5. g3 Bb4 6. Bg2 dxc4 7. O-O
Bxc3 8. bxc3 O-O 9. Qc2 Re8 10. Rd1 Qe7 11. e4 b5 12. e5 Nd5 13. Ng5 g6 14. Qe4
Rb8 15. Qh4 f6 16. exf6 Qf7 17. Re1 Nxc3 18. Bd2 Nd5 19. Bh3 c3 20. Bf4 Nxf4
21. Qxf4 {[Remainder illegible; 1-0, time, 31?]} 1-0

[Event "Grand Rapids (MI Am/3/28)"]
[Site "?"]
[Date "1994.??.??"]
[Round "?"]
[White "Seibert, T."]
[Black "Gregg, Ted"]
[Result "1-0"]
[WhiteElo "1605"]
[BlackElo "1605"]
[PlyCount "55"]
[EventDate "1994.??.??"]

{3/(28)} 1. c4 e5 2. Nc3 Nf6 3. Nf3 Nc6 4. d4 exd4 5. Nxd4 Bc5 6. Nxc6 bxc6 7.
Bg5 h6 8. Bxf6 Qxf6 9. Ne4 Qd4 10. Qxd4 Bxd4 11. Rd1 Bxb2 12. e3 Ba3 13. c5
Bb4+ 14. Ke2 O-O 15. g3 Re8 16. Bg2 Ba6+ 17. Kf3 Re7 18. Rd4 Rb8 19. Bh3 Bc8
20. Rb1 a5 21. a3 d5 22. cxd6 Re5 23. dxc7 Rbb5 24. Rd8+ Kh7 25. Bxc8 f5 26.
axb4 fxe4+ 27. Kg2 Re7 28. Bd7 1-0

[Event "Flint (MI Ch Spon/2)"]
[Site "?"]
[Date "1994.??.??"]
[Round "?"]
[White "Seibert, T."]
[Black "Gegaj, T."]
[Result "1-0"]
[WhiteElo "1605"]
[BlackElo "1605"]
[PlyCount "74"]
[EventDate "1994.??.??"]

1. d4 d5 2. Nc3 Nc6 3. e4 Nf6 4. e5 Ne4 5. Nf3 Nxd4 6. Nxd4 e6 7. f3 Nc5 8. Bd3
Be7 9. O-O O-O 10. Be3 h6 11. Nb3 d4 12. Bxd4 Na6 13. Qe2 Bb4 14. Qe4 f5 15.
Qe3 b6 16. Rad1 Rf7 17. f4 c5 18. Qf3 cxd4 19. Qxa8 Nc7 20. Qxa7 Bd7 21. Ne2
Qa8 22. Qxb6 Nd5 23. Qxd4 h5 24. c3 Ne3 25. Qxe3 Qxa2 26. Nec1 Qxb2 27. cxb4
Ba4 28. Rd2 Rc7 29. Rxb2 h4 30. Qb6 Rc8 31. Qxe6+ Kh7 32. Qxc8 Bxb3 33. Qxf5+
g6 34. Qxg6+ Kh8 35. Nxb3 h3 36. Qf6+ Kg8 37. Qe7 hxg2 1-0

[Event "Detroit (CAO/6/10)"]
[Site "?"]
[Date "1994.??.??"]
[Round "?"]
[White "Seibert, T."]
[Black "Ford, D."]
[Result "1-0"]
[WhiteElo "1605"]
[BlackElo "1605"]
[PlyCount "94"]
[EventDate "1994.??.??"]

{6/(10)} 1. c4 c5 2. Nc3 Nf6 3. g3 d5 4. cxd5 Nxd5 5. Bg2 e6 6. d3 Bd6 7. e4
Nxc3 8. bxc3 e5 9. Nf3 O-O 10. Bb2 Bg4 11. h3 Be6 12. O-O Nc6 13. Qd2 Qd7 14.
d4 c4 15. dxe5 Bxe5 16. Rfd1 Bxh3 17. Qxd7 Bxd7 18. Rxd7 b5 19. Nxe5 Nxe5 20.
Rd5 Nd3 21. Ba3 Rfd8 22. Rxb5 a6 23. Ra5 g5 24. e5 Ra7 25. Bd5 Nxe5 26. Re1 Nd3
27. Re4 Kg7 28. Bxc4 Nxf2 29. Kxf2 h5 30. Rxg5+ Kh6 31. Bc1 Kh7 32. Rxh5+ Kg7
33. Rg4+ Kf8 34. Re4 Kg7 35. Bh6+ Kg6 36. Be2 Rh8 37. Rhh4 a5 38. Reg4+ Kf6 39.
Bg5+ Ke6 40. Rxh8 Rc7 41. Re4+ Kf5 42. Bf4 Rxc3 43. Re5+ Kf6 44. Rxa5 Rc2 45.
Rh6+ Kg7 46. Rf5 Rxa2 47. Rhf6 Ra7 1-0

[Event "Flint (MI YJ Spon/2)"]
[Site "?"]
[Date "1994.??.??"]
[Round "?"]
[White "Seibert, T."]
[Black "Dawson, R."]
[Result "0-1"]
[WhiteElo "1605"]
[BlackElo "1605"]
[PlyCount "29"]
[EventDate "1994.??.??"]

1. e4 d5 2. Nc3 d4 3. Na4 e5 4. Nf3 Nc6 5. c3 Nf6 6. Bb5 Bd7 7. Bxc6 Bxc6 8.
Nxe5 Bxe4 9. O-O d3 10. Re1 Qd5 11. Nf3 Be7 12. c4 Qxc4 13. Qb3 Qa6 14. Nc5
Bxc5 {[Remainder illegible; 0-1, 30?]} 15. Qb5+ 0-1